000 00271nam a2200109Ia 4500
008 190216s9999||||xx |||||||||||||| ||und||
100 _aErnest Schanzer
245 4 _aThe Problems Plays Of Shakespare
260 _bRoutledge & Kegan Paul
650 _aEnglish
942 _cBK
999 _c12413
_d12413